000 00280nam a22001337a 4500
020 _a817573812-X
082 _a920
_bDUA/S
100 _aDUA, SHYAM
245 _aSRINIVAS RAMANUJAN
260 _aDELHI
_bPRINT LINE BOOK
300 _a95
650 _aBIOGRAPHY
_zDELHI
942 _cBK
999 _c5907
_d5907